| 000 | 01109nam a2200301 a 4500 | ||
|---|---|---|---|
| 001 | 000024910 | ||
| 005 | 20200930023438.0 | ||
| 008 | 110207s1974 ag ad r 000 0 spa d | ||
| 040 |
_aDO-SdBNP _bspa _cBNPHU |
||
| 041 | 1 | 7 |
_aspa _heng _2Código de idioma MARC |
| 082 |
_a658.15 _bM296a |
||
| 100 | 1 |
_aMao, James C. T. _951145 |
|
| 240 | 1 | 0 |
_aQuantitative analysis. _lEspañol. |
| 245 | 1 | 0 |
_aAnálisis financiero / _cJames C. T. Mao ; traducción Aníbal Carlos Leal. |
| 260 |
_aMéxico : _bCentro Regional de Ayuda Técnica, _c1974. |
||
| 300 |
_axvii, 556 p. : _bil., diagrs. ; _c22 cm. |
||
| 490 | 1 | _aBiblioteca de ciencias económicas | |
| 490 | 1 | _aDirección de empresa | |
| 534 |
_aTítulo original: _tQuantitative analysis. |
||
| 504 | _aIncluye referencias bibliográficas | ||
| 650 | 4 |
_aAdministración financiera _96342 |
|
| 650 | 4 |
_aAnálisis financiero _918231 |
|
| 650 | 4 |
_aGestión financiera _96564 |
|
| 650 | 4 |
_aEstados financieros _918229 |
|
| 700 | 1 |
_aLeal, Aníbal Carlos, _etr. _946654 |
|
| 830 | 0 |
_aBiblioteca de ciencias económicas _pdirección de empresa _951146 |
|
| 049 | _aBNGR | ||
| 999 |
_c24403 _d24403 |
||